=LDR 00000nam 2200000 4500 =001 INLIS000000000044905 =005 20131008110903 =008 ***********************************Ind** =035 ##$$a0010-101300000002827 =041 ##$$a Ind =082 ##$$a 345 =090 ##$$a 345, Bad n =245 ##$$a Naskah akademik rancangn undang-undang tentang Kitab Undang-Undang Hukum Pidana, Nyoman Serikat ( et, al ) ; Editor : Suradji =260 ##$$a 2012 $b Jakarta : =300 ##$$a viii, 263 hlm. : , 21cm =650 ##$$a Hukum Pidana =700 ##$$a Nyoman Serikat, , Suraji =850 ##$$a NBPNMAT =990 ##$$a 90912/BPAP-NTB/2014